00611 2200217 4500001002100000005001500021035002000036007000300056008004100059020001800100100001900118245007300137250001100210260003700221300003800258700002200296082001000318084001600328650001400344990003500358INLIS00000000000760220260428030923 a0010-0226000038ta260428 0 ind  a979-1149-13-51 aKusumah, Indra1 aExcellent Parenting menjadi Orangtua Ala Rasulullah /cIndra Kusumah acet. 1 aYogyakarta :bQudsi Media,c2007 axix, 238 hlm. :bilus. ;c23 hlm.0 aFitrianti, Vindhy a649.1 a649.1 Kus e 4aParenting ac.1/44/Polbangtan Yoma/ha/2026